Appelations des Vins du Nord de l'Italie - Statistiques

Statistiques générales
  • Ce quiz a été pris 8 fois
  • Le résultat moyen est 3 sur 72
Statistiques - réponses
Réponse % Correct
Barolo
86%
Asti
57%
Barbaresco
43%
Valpolicella
29%
Barbera d'Alba
14%
Barbera d'Asti
14%
Conegliano-Valdobbiadene
14%
Gavi
14%
Langhe
14%
Piemonte
14%
Trentino
14%
Albugnano
0%
Alto Adige
0%
Amarone della Valpolicella
0%
Asti spumante
0%
Bagnoli Friularo
0%
Barbacarlo
0%
Barbera del Monferrato
0%
Bardolino superiore
0%
Botticino
0%
Brachetto d'Acqui
0%
Brachetto d'Acqui Spumante
0%
Caldaro
0%
Carso
0%
Casteller
0%
Cinque Terre
0%
Cinque Terre Sciacchetrà
0%
Colli Asolani
0%
Colli di Luni
0%
Colline di Levanto
0%
Collio Goriziano
0%
Colli Orientali del Friuli
0%
Cortese di Gavi
0%
Dolcetto d'Alba
0%
Dolcetto d'Asti
0%
Franciacorta
0%
Freisa d'Asti
0%
Freisa di Chieri
0%
Friuli Annia
0%
Gattinara
0%
Ghemme
0%
Golfo del Tigullio
0%
Grignolino d'Asti
0%
Malvasia di Castelnuovo Don Bosco
0%
Monferrato
0%
Montello
0%
Moscato d'Asti
0%
Nebbiolo d'Alba
0%
Piave Malanotte
0%
Picolit
0%
Ramandolo
0%
Recioto della Valpolicella
0%
Recioto di Gambellara
0%
Recioto di Soave
0%
Riviera ligure di Ponente
0%
Roero
0%
Santa Maddalena
0%
Soave Superiore
0%
Teroldego Rotaliano
0%
Trento
0%
Valcalepio
0%
Valdadige
0%
Vallée d'Aoste Arnad Montjovet
0%
Vallée d'Aoste Arnad-Montjovet supérieur
0%
Vallée d'Aoste Blanc de Morgex et de La Salle
0%
Vallée d'Aoste Chambave
0%
Vallée d'Aoste Donnas
0%
Valpolicella Ripasso
0%
Valtellina
0%
Veneto
0%
Verones
0%
Vigneti delle Dolomiti
0%
Aucun quiz correspondant
Distribution des résultats
% des personnes avec chaque résultat
Percentile par nombre de réponses
Votre historique - résultats
Vous n’avez pas pris ce quiz